[Event "Toronto Excelsior op"]
[Site "Toronto"]
[Date "2024.02.24"]
[Round "2"]
[White "Murali, Dhruv"]
[Black "Qian, Eric"]
[Result "1-0"]
[WhiteElo "1199"]
[BlackElo "1685"]
[PlyCount "170"]
[EventDate "2024.02.23"]
[EventType "swiss"]
[EventRounds "5"]
[EventCountry "CAN"]
[SourceTitle "CB10_2024"]
[SourceDate "2024.03.06"]
[SourceVersion "1"]
[SourceVersionDate "2024.03.06"]
[SourceQuality "1"]

1. b3 d5 2. Bb2 c5 3. e3 Nf6 4. Nf3 e6 5. d4 Be7 6. Be2 0-0 7. 0-0 b6 8. c4 Bb7 9. Nbd2 Nc6 10. a3 Rc8 11. Rc1 cxd4 12. Nxd4 Nxd4 13. exd4 dxc4 14. Nxc4 Nd5 15. Bf3 Rc7 16. Ne3 Rxc1 17. Qxc1 Bg5 18. Bxd5 Bxd5 19. Qc3 Bb7 20. Rc1 Qa8 21. f3 Rc8 22. Qd3 Rxc1+ 23. Bxc1 Qc8 24. Bb2 Ba6 25. Nc4 b5 26. Nd2 b4 27. Nc4 bxa3 28. Bxa3 Qc6 29. Bc5 Qd7 30. Qe4 Bb7 31. Qe5 Bd8 32. Qb8 h6 33. Qd6 Qxd6 34. Nxd6 Bd5 35. b4 a6 36. Nc8 Bb7 37. Nd6 Bc6 38. Nc4 Bc7 39. Ne5 Bb5 40. Kf2 f6 41. Ng4 h5 42. Ne3 Kf7 43. g3 Ke8 44. d5 exd5 45. Nxd5 Bd8 46. Ke3 Kd7 47. Kd4 Bc6 48. f4 Ke6 49. Ne3 g6 50. Kc4 Bc7 51. h3 h4 52. gxh4 Bxf4 53. Nc2 Bd5+ 54. Kd3 Bg2 55. Nd4+ Kd5 56. Ne2 Be4+ 57. Kc3 Be5+ 58. Kd2 Bf5 59. Be7 Bxh3 60. Ke3 Bf5 61. Nf4+ Kc4 62. h5 g5 63. Ng6 Bd4+ 64. Kf3 Bc3 65. Ke3 Bc2 66. Ke2 Bf5 67. Ke3 Bd4+ 68. Kf3 Bb1 69. Nf8 Bc3 70. Ng6 Bd3 71. Ke3 Bc2 72. Ke2 Bf5 73. Kf3 Bb1 74. Ke3 Bc2 75. Ke2 Kd5 76. Nf8 g4 77. h6 Be5 78. Nd7 Ke6 79. Nxe5 Kxe7 80. Nxg4 Kf7 81. Kd2 Bf5 82. Ne3 Be6 83. Ng2 Bc8 84. Nf4 Bb7 85. Ke3 Kg8 1-0

[Event "Toronto Excelsior op"]
[Site "Toronto"]
[Date "2024.02.24"]
[Round "3"]
[White "Zhong, Ryan Yunhui"]
[Black "Murali, Dhruv"]
[Result "1/2-1/2"]
[WhiteElo "1710"]
[BlackElo "1199"]
[PlyCount "103"]
[EventDate "2024.02.23"]
[EventType "swiss"]
[EventRounds "5"]
[EventCountry "CAN"]
[SourceTitle "CB10_2024"]
[SourceDate "2024.03.06"]
[SourceVersion "1"]
[SourceVersionDate "2024.03.06"]
[SourceQuality "1"]

1. e4 g6 2. d4 Bg7 3. Nf3 d6 4. Bc4 a6 5. Qe2 b5 6. Bb3 e6 7. 0-0 Bb7 8. c3 Ne7 9. Rd1 Nd7 10. Nbd2 0-0 11. Nf1 c5 12. Ng3 cxd4 13. cxd4 Rc8 14. Bf4 d5 15. e5 Qb6 16. h4 Nf5 17. Nxf5 exf5 18. Qd2 Rfe8 19. Re1 Nf8 20. g3 h5 21. Ng5 Ne6 22. Nxe6 Rxe6 23. Rac1 Rec6 24. Rcd1 a5 25. Qd3 Re6 26. Rc1 Rec6 27. Rxc6 Qxc6 28. Rc1 Qd7 29. Rxc8+ Bxc8 30. Qc3 Bf8 31. Bxd5 Qxd5 32. Qxc8 Qxd4 33. Bh6 Qc5 34. Qb8 b4 35. Qa8 a4 36. Kg2 a3 37. bxa3 bxa3 38. Bxf8 Qxf8 39. Qxf8+ Kxf8 40. Kf3 Ke7 41. Ke3 Ke6 42. Kd4 f4 43. Ke4 fxg3 44. fxg3 Ke7 45. Kd5 f6 46. Ke4 fxe5 47. Kxe5 Kf7 48. Kf4 Kf6 49. g4 hxg4 50. Kxg4 Kg7 51. Kg5 Kh7 52. h5 1/2-1/2

[Event "Canadian op"]
[Site "Calgary"]
[Date "2023.07.25"]
[Round "5"]
[White "Murali, Dhruv"]
[Black "Nguyen, Kim"]
[Result "1/2-1/2"]
[WhiteElo "1322"]
[BlackElo "2015"]
[PlyCount "72"]
[EventDate "2023.07.22"]
[EventType "swiss"]
[EventRounds "10"]
[EventCountry "CAN"]
[SourceTitle "EXT 2024"]
[Source "ChessBase"]
[SourceDate "2023.10.10"]
[SourceVersion "1"]
[SourceVersionDate "2023.10.10"]
[SourceQuality "1"]

1. b3 e5 2. Bb2 Nc6 3. e3 Nf6 4. d4 exd4 5. exd4 Bb4+ 6. Nd2 0-0 7. Ngf3 Nd5 8. Bd3 Bc3 9. Qc1 Re8+ 10. Kf1 Bxb2 11. Qxb2 Nf4 12. Bc4 d5 13. Bb5 Bd7 14. a4 Qf6 15. Bxc6 bxc6 16. h4 c5 17. Ne5 Bc8 18. Ndf3 Ba6+ 19. c4 dxc4 20. bxc4 cxd4 21. Qxd4 Rad8 22. Qb2 Ng6 23. Re1 Re6 24. h5 Nxe5 25. Nxe5 Rde8 26. Rh3 Bxc4+ 27. Kg1 h6 28. Rhe3 Bd5 29. Qd4 c6 30. Qxa7 R6e7 31. Ng4 Qg5 32. Rxe7 Rxe7 33. Rxe7 Qxg4 34. Qb8+ Kh7 35. Qg3 Qd1+ 36. Kh2 Qxh5+ 1/2-1/2

[Event "Canadian op"]
[Site "Calgary"]
[Date "2023.07.24"]
[Round "4"]
[White "Moses, Neil"]
[Black "Murali, Dhruv"]
[Result "0-1"]
[WhiteElo "1747"]
[BlackElo "1322"]
[PlyCount "66"]
[EventDate "2023.07.22"]
[EventType "swiss"]
[EventRounds "10"]
[EventCountry "CAN"]
[SourceTitle "EXT 2024"]
[Source "ChessBase"]
[SourceDate "2023.10.10"]
[SourceVersion "1"]
[SourceVersionDate "2023.10.10"]
[SourceQuality "1"]

1. e4 g6 2. d4 Bg7 3. Nc3 d6 4. Be3 a6 5. h4 Nf6 6. Be2 h6 7. Qd2 b5 8. f3 Nbd7 9. Rd1 Bb7 10. Nh3 Rc8 11. Nf2 c6 12. g4 Qc7 13. f4 c5 14. d5 b4 15. Na4 Qa5 16. b3 Nb6 17. Nxb6 Qxb6 18. Kf1 Kd7 19. Bf3 Ne8 20. h5 Nc7 21. hxg6 fxg6 22. g5 hxg5 23. Bg4+ e6 24. dxe6+ Ke7 25. Rxh8 Rxh8 26. f5 gxf5 27. exf5 Qb5+ 28. Be2 Qc6 29. Bxg5+ Ke8 30. f6 Rh1+ 31. Nxh1 Qxh1+ 32. Kf2 Qg2+ 33. Ke1 Qg3+ 0-1

[Event "Canadian op"]
[Site "Calgary"]
[Date "2023.07.22"]
[Round "1"]
[White "Murali, Dhruv"]
[Black "Taylor, Ashton"]
[Result "1-0"]
[WhiteElo "1322"]
[BlackElo "1691"]
[PlyCount "115"]
[EventDate "2023.07.22"]
[EventType "swiss"]
[EventRounds "10"]
[EventCountry "CAN"]
[SourceTitle "EXT 2024"]
[Source "ChessBase"]
[SourceDate "2023.10.10"]
[SourceVersion "1"]
[SourceVersionDate "2023.10.10"]
[SourceQuality "1"]

1. b3 e5 2. Bb2 Nc6 3. e3 d5 4. Bb5 Nge7 5. Bxe5 a6 6. Bxc6+ Nxc6 7. Bb2 Qg5 8. Qf3 Bg4 9. Qg3 Bd6 10. f4 Qg6 11. d3 Nb4 12. Kd2 0-0 13. a3 Nc6 14. h3 Bf5 15. Qxg6 fxg6 16. Ne2 Rad8 17. a4 Rfe8 18. g4 Bc8 19. Ba3 h5 20. Rg1 hxg4 21. hxg4 Nb4 22. c3 Nc6 23. Bxd6 Rxd6 24. Na3 Rde6 25. Nc2 Na5 26. Ned4 R6e7 27. b4 Nc6 28. Nxc6 bxc6 29. Rg3 Bd7 30. Rag1 a5 31. d4 Ra8 32. Ra1 Kf7 33. Ne1 Rh8 34. Nf3 Rb8 35. Ne5+ Ke6 36. Nxd7 Rxd7 37. Rb1 Rdd8 38. Kd3 Rh8 39. g5 Kf5 40. Rg2 Rh3 41. Rgb2 Re8 42. Re1 Rb8 43. Ree2 Rh1 44. bxa5 Rd1+ 45. Kc2 Rxb2+ 46. Kxb2 Rh1 47. Ka3 Ke4 48. a6 Kd3 49. a7 Rh8 50. Rb2 Ra8 51. Rb7 Kxc3 52. Rxc7 Kd3 53. Re7 Kc3 54. Rxg7 c5 55. dxc5 Kc4 56. c6 Re8 57. Re7 Rh8 58. c7 1-0